Els Anys daurats del cinema clàssic a Barcelona : (1906-1923) / Palmira González López (1906-1923) / Palmira González López
Descripción Física:
582 p., [4] p. de làm. , 22 cm
Colección:
Monografies de teatre ; 20
MARC
| LEADER | 00000nam a2200000Ia 4500 | ||
|---|---|---|---|
| 001 | 6881 | ||
| 008 | 160829s1987 xx 000 0 cat d | ||
| 080 | |a B-1-178 | ||
| 100 | |a González López, Palmira |9 20584 | ||
| 245 | |a Els Anys daurats del cinema clàssic a Barcelona : |b (1906-1923) / Palmira González López | ||
| 260 | |a Barcelona : |b Institut del Teatre : |b Edicions 62, |c 1987 | ||
| 300 | |a 582 p., [4] p. de làm. , 22 cm | ||
| 490 | |a Monografies de teatre ; 20 | ||
| 650 | |a Cinematografia |x Barcelona |x Història |x 1906/1923 |9 20585 | ||
| 650 | |a Indústria cinematogràfica |x Catalunya |x Història |9 20586 | ||
| 710 | 1 | |a Institut del Teatre (Barcelona, Catalunya) |9 52662 | |
| 901 | |a Arxiu | ||
| 942 | |n 1 | ||
| 952 | |0 0 |1 0 |4 0 |6 B1178 |7 1 |9 41595 |a Arxiu |b Arxiu |d 2016-12-01 |l 0 |o B-1-178 |p 6881 |r 2016-12-01 00:00:00 |w 2016-12-01 |y ARXIU | ||
| 999 | |c 43485 |d 43485 | ||